Definición de una estrategia de construcción y estimación de los costos de la producción de convertidores rotatorios de fase de 5 a 25 Hp

Na minha lista:
Detalhes bibliográficos
Autor principal: Barquero Ávila, José Pablo
Formato: Livro
Publicado em: [San José, Costa Rica 2007
Assuntos:
Tags: Adicionar Tag
Sem tags, seja o primeiro a adicionar uma tag!

MARC

LEADER 00000nam a2200000Ia 4500
003 001228
005 20221231144055.0
008 140114s2007 cr a 000 ||s d
040 |c cru CEDI  
090 |a TFG 5750 
100 |a Barquero Ávila, José Pablo   |9 4149 
245 |a Definición de una estrategia de construcción y estimación de los costos de la producción de convertidores rotatorios de fase de 5 a 25 Hp 
260 |c 2007  |b [San José, Costa Rica 
300 |a 77 hojas; ilustraciones (algunas a color) 
500 |a Proyecto de graduación (bachillerato en ingeniería eléctrica)--Universidad de Costa Rica. Facultad de Ingeniería. Escuela de Ingeniería Eléctrica 
650 |x CONVERTIDORES DE CORRIENTE ELECTRICA  |x DISEÑO Y CONSTRUCCION   |9 4150 
942 |c TFG 
999 |c 16509  |d 16509